|
|
|
|
| LEADER |
01661nam a2200313 a 4500 |
| 001 |
37394 |
| 003 |
BD-DhAAL |
| 005 |
20211111131949.0 |
| 008 |
210204t2016 ii ||||| b||| 001 0 eng d |
| 999 |
|
|
|c 41962
|d 41962
|
| 020 |
|
|
|a 9789332570313
|
| 040 |
|
|
|a BD-DhAAL
|
| 082 |
|
|
|a 006.32
|2 22
|
| 100 |
|
|
|a Haykin, Simon S.,
|d 1931-
|9 40850
|
| 245 |
|
|
|a Neural networks and learning machines /
|c Simon Haykin.
|
| 250 |
|
|
|a Third edition
|
| 260 |
|
|
|a Uttar Pradesh, India :
|b Pearson,
|c c2016 [2009].
|
| 300 |
|
|
|a xxiv, 918 pages :
|b illustrations ;
|c 24 cm
|
| 504 |
|
|
|a Includes bibliographical references (pages 847-887) and index.
|
| 526 |
|
|
|a CSE
|
| 541 |
|
|
|a Hye Trade International
|e 37397, 37398, 37399
|
| 650 |
|
|
|a Neural networks (Computer science)
|9 40851
|
| 650 |
|
|
|a Adaptive filters.
|9 40852
|
| 650 |
|
|
|a Computer science
|9 42579
|
| 852 |
|
|
|a Ayesha Abed Library
|c General Stacks
|
| 942 |
|
|
|2 ddc
|c BK
|
| 952 |
|
|
|0 0
|1 0
|2 ddc
|4 0
|6 006_320000000000000_HAY
|7 0
|9 69224
|a BRACUL
|b BRACUL
|c GEN
|d 2020-12-13
|e Hye Trade International
|g 1244.00
|l 6
|m 47
|o 006.32 HAY
|p 3010037399
|r 2025-10-29
|s 2024-10-27
|t 3
|v 1244.00
|w 2020-12-13
|y BK
|x Received during COVID -19 period
|
| 952 |
|
|
|0 0
|1 0
|2 ddc
|4 0
|6 006_320000000000000_HAY
|7 0
|9 69225
|a BRACUL
|b BRACUL
|c GEN
|d 2020-12-13
|e Hye Trade International
|g 1244.00
|l 7
|m 43
|o 006.32 HAY
|p 3010037397
|r 2026-01-15
|s 2025-10-28
|t 1
|v 1244.00
|w 2020-12-13
|y BK
|x Received during COVID -19 period
|
| 952 |
|
|
|0 0
|1 0
|2 ddc
|4 0
|6 006_320000000000000_HAY
|7 0
|9 69226
|a BRACUL
|b BRACUL
|c GEN
|d 2020-12-13
|e Hye Trade International
|g 1244.00
|l 3
|m 31
|o 006.32 HAY
|p 3010037398
|q 2025-08-19
|r 2025-07-14
|s 2025-07-14
|t 2
|v 1244.00
|w 2020-12-13
|y BK
|x Received during COVID -19 period
|